Normal view
MARC view
- Marshall, R. L.
Entry Personal Name
001 - CONTROL NUMBER
- control field: 35097
003 - CONTROL NUMBER IDENTIFIER
- control field: OSt
005 - DATE AND TIME OF LATEST TRANSACTION
- control field: 20140205160556.0
008 - FIXED-LENGTH DATA ELEMENTS
- fixed length control field: 140205|| aca||aabn | a|a d
040 ## - CATALOGING SOURCE
- Original cataloging agency: OSt
100 1# - HEADING--PERSONAL NAME
- Personal name: Marshall, R. L.
- Fuller form of name: (Rodney Leonard),
- Dates associated with a name: 1936-
400 1# - SEE FROM TRACING--PERSONAL NAME
- Personal name: Marshall, Rodney Leonard,
- Dates associated with a name: 1936-